01019nam a2200241 a 4500001001000000005001700010008004100027020003100068040001300099050002100112100003300133245015500166260003000321300001700351440002400368500013100392504003900523505007600562650003600638650003700674700003100711700003500742BRCA_196320190320203622.0950807m19941995mx-#---##b---#001-0cspa-d a9682950937 (Obra completa) aDLCcDLC 4aN6558b.G66 19941 aGonzález Franco, Glorinela10aArtistas y artesanos a través de fuentes documentalescGlorinela González Franco, María del Carmen Olvera Calvo y Ana Eugenia Reyes y Cabañas. aMéxicobINAHc1994-1995 a2 v.c26 cm. 0aColección Fuentes aIncluye índice por oficios, cronológico, analítico y onomástico (v.1), de oficios y nombramientos y onomástico (v.2) aBibliografía : p. 451-460 (v.1)0 aContenido : v.1. Ciudad de México. -- v.2. Ciudades, pueblos y villas14aArtistasvBiografíazMéxico14aArtesanosvBiografíazMéxico1 aOlvera, María del Carmen1 aReyes y Cabañas, Ana Eugenia